| 000 | 00523nam a22001577a 4500 | ||
|---|---|---|---|
| 100 | _aSikdar, D. | ||
| 245 | _aExploring the suitability of psyllium husk nano-ash as green nano-filler for development of natural rubber nanocomposite. | ||
| 260 | _bJournal of Rubber Research, 26(5): 2023. 441-454 | ||
| 300 | _bNovember | ||
| 650 | _aNanocomposites | ||
| 650 | _aMechanical and thermal properties | ||
| 700 | _aRoy, K. | ||
| 700 | _aDebnath, S.C. | ||
| 856 | _uhttps://doi.org/10.1007/s42464-023-00228-0 | ||
| 942 | _cJS | ||
| 999 |
_c75265 _d75265 |
||